000 00400nam a22001697a 4500
003 NUST
020 _a9789814272902
038 _akhadija
082 _a620.0015
_bDIX
100 _aDixit, U. S.
_968677
245 _aFinite Elements Methods for Engineers
260 _aAustralia:
_bCengage,
_c2009.
300 _a422 p.
_b24 cm
500 _aHardcover.
563 _ahardcover
942 _cBK
_2ddc
999 _c32691
_d32691